000 007100000a22001810004500
090 _aAR
_b02600
245 1 0 _aPolychaete worms from a cave in the Bahamas and from experimental wood panels deep water of the north Atlantic (<Polynoidae: Macellicephalinae, Harmothoinae>)
650 1 4 _aBioespeleología
_92655
650 1 4 _aTaxonomía animal
_98245
650 1 4 _aMorfología animal
_99953
650 1 4 _aTroglobios
_994143
651 4 _mIslas Caicos
_pAntillas
_992749
653 _gPelagomacellicephala
_ePelagomacellicephala iliffei
041 0 _aInglés
100 1 _aPettibone, Marian H.
_996104
942 _cARTICULO
773 1 _tProceedings of the Biological Society of Washington
_341
_h1
_q127-149
_d1985
_g98
999 _c11664
_d11664